| 000 | 00359nam a2200157Ia 4500 | ||
|---|---|---|---|
| 003 | LK-CoDNM | ||
| 005 | 20240807094907.0 | ||
| 008 | 010623t1663 xxu||||| |||| 00| 1 fra d | ||
| 040 |
_aLK-CoDNM _dLK-CoDNM _eLK-CoDNM |
||
| 041 | _afra | ||
| 080 |
_a16 _bP5 |
||
| 245 | _aVoyages Della Valle | ||
| 260 |
_bParis _c1663 |
||
| 300 | _b700p ; 20 cm | ||
| 942 | _cBK | ||
| 999 |
_c80702 _d80702 |
||